03380cam a2200349Ii 45000010014000000080041000140200034000550200033000890200034001220200034001560200030001900200031002200240032002510400012002830410008002950820021003031000038003242450109003622640044004713000038005154900058005535040069006115050333006805201673010136500043026866500037027296500042027666500050028086500038028588300059028968560075029559780203765715180706s2013 enk ob 001 0 eng d a9780203765715q(e-book : PDF) a9781135020026q(e-book: PDF) a9781135020002q(e-book: Mobi) a9781135020019q(e-book: ePub) z9780415671910q(hardback) z9781138189805q(paperback)7 a10.4324/9780203765715 2doi aKObeng0 aeng04a344.046343bS1291 aSage-Fuller, Benedicte.,eauthor.14aThe precautionary principle in marine environmental law :bwith special reference to high risk vessels / 1aLondon ;aNew York :bRoutledge,c2013. a1 online resource (xv, 301 pages)1 aRoutledge research in international environmental law aIncludes bibliographical references (pages [269]-294) and index.0 a1. High risk vessels -- 2. Coastal States' jurisdiction under the United Nations Convention on the Law of the Sea -- 3. Significance of the precautionary principle in marine law -- 4. Practical applications of the precautionary principle in marine law -- 5. Application of the precautionary principle to vessel-source pollution. a"The book examines whether the jurisdiction of coastal States under international law can be extended to include powers of intervention towards vessels posing a significant risk to their coastal and marine environment, but which have not yet been involved in any incident or accident. The books sets out how it is that coastal State jurisdiction can indeed be seen as including powers of intervention towards High Risks Vessels before an incident or accident happens, on the basis of the precautionary principle. The precautionary principle requires taking action when a risk of damage to the environment is suspected, but cannot be confirmed scientifically.The book thus considers the potential opportunities for the coastal state under international law to regulate international shipping where they consider vessels to be an unacceptable risk to the environment, in order to prevent or minimise the risk of occurrence of the accident or incident leading to damage. The book acknowledges that this puts into question some very old and established principles of the law of the sea, most importantly the principle of freedom of navigation. But Benedicte Sage-Fuller contends that this change would itself be a consequence of the evolution, since the end of WWII, of on the one hand international law of the sea itself, and of international environmental law on the other hand. During the writing process the author consulted maritime government departments and maritime safety agencies so as well as considering issues of jurisdiction the book also addresses the practical considerations inherent in protecting coasts from environmental harm"--cProvided by publisher. 0aMarine pollutionxLaw and legislation. 0aShippingxEnvironmental aspects. 0aLiability for environmental damages. 0aTransboundary pollutionxLaw and legislation. 0aEnvironmental law, International. 0aRoutledge research in international environmental law.40uhttps://www.taylorfrancis.com/books/9781135020026zClick here to view.